Statistics for Big 10 Heisman Trophy Winners

Click here to take the quiz!

General Stats

  • This quiz has been taken 38 times
  • The average score is 10 of 14

Answer Stats

YearCollegePlayer% Correct
1975Ohio StArchie Griffin
97%
1974Ohio StArchie Griffin
97%
1991MichiganDesmond Howard
97%
1995Ohio StEddie George
97%
1999WisconsinRon Dayne
97%
1941MinnesotaBruce Smith
93%
1997MichiganCharles Woodson
93%
2006Ohio StTroy Smith
93%
1940MichiganTom Harmon
72%
1939IowaNile Kinnick
55%
1955Ohio StHoward Cassady
41%
1950Ohio StVic Janowicz
41%
1954WisconsinAlan Ameche
38%
1944Ohio StLes Horvath
34%

Score Distribution

Percentile by Number Answered

Percent of People with Each Score

Your Score History

You have not taken this quiz